Get the Picture: George, Michael, or George Michael? Quiz Stats

 Plays Quiz Updated Sep 6, 2019

Score 0/18 Timer 03:00
0 Plays Today
Question Answer Wrong Answers
Thriller Michael Jackson
95.4%
Boy George
0.5%
George Michael
0.1%
Billie Jean Michael Jackson
94.8%
Boy George
0.8%
George Michael
0.6%
Black or White Michael Jackson
93.8%
Boy George
1.2%
George Michael
0.8%
Bad Michael Jackson
93.8%
Boy George
1.3%
George Michael
0.7%
Karma Chameleon Boy George
90.1%
Michael Jackson
0.9%
George Michael
4.8%
Faith George Michael
87.6%
Boy George
4.4%
Michael Jackson
3.5%
Wake Me Up Before You Go-Go George Michael
84.9%
Boy George
9.9%
Michael Jackson
1%
Careless Whisper George Michael
84.6%
Boy George
8.1%
Michael Jackson
3%
Church of the Poison Mind Boy George
76.9%
Michael Jackson
2.1%
George Michael
16.4%
Father Figure George Michael
74.8%
Boy George
12.9%
Michael Jackson
7.9%
The Crying Game Boy George
73.5%
Michael Jackson
3.6%
George Michael
18.4%
Miss Me Blind Boy George
67.7%
Michael Jackson
5.5%
George Michael
21.6%
Mistake No. 3 Boy George
61.5%
Michael Jackson
5.9%
George Michael
27.5%
Everything She Wants George Michael
59.3%
Boy George
19.9%
Michael Jackson
15.7%
One More Try George Michael
57.9%
Boy George
25.4%
Michael Jackson
11.9%
Everything I Own Boy George
51.3%
Michael Jackson
9.2%
George Michael
34.4%
Another Part of Me Michael Jackson
34.4%
Boy George
30.8%
George Michael
29.6%
Workin' Day and Night Michael Jackson
25.3%
Boy George
38%
George Michael
31.9%

Today's Daily Dose

Word Ladder
Lean on Me

Get the Picture
Superhero by Villain

You're not logged in!

Compare scores with friends on all Sporcle quizzes.
OR
Log In

Sporcle TV

Today on Sporcle TV


Watch our educational content, quiz creation guides, and fun videos on Sporcle TV.

Show Comments

Extras

Top Quizzes Today


Score Distribution

Your Account Isn't Verified!

In order to create a playlist on Sporcle, you need to verify the email address you used during registration. Go to your Sporcle Settings to finish the process.

Report this User

Report this user for behavior that violates our Community Guidelines.

Details: